000 00477nam a2200193Ia 4500
003 OSt
005 20220826093801.0
008 210210b1976 xxu||||| |||| 00| 0 eng d
040 _cAL
041 _aEnglish
082 _a302 BHAE
100 _aBHATIA (Hans Raj)
_955500
245 _aElements of social psychology
260 _aBombay
_bSomaiya Publications Pvt Ltd
_c1976
300 _avi,428
690 _aSocial Psychology
_955501
906 _a037027
942 _2ddc
_cBK
999 _c87347
_d87347